Statistics for New York Knicks NBA All-Stars

Click here to take the quiz!

General Stats

  • This quiz has been taken 962 times
    (164 since last reset)
  • The average score is 13 of 35

Answer Stats

Players#Last% Correct
Patrick Ewing111997
97%
Carmelo Anthony62017
92%
Jalen Brunson12024
89%
Walt Frazier71976
87%
Julius Randle32024
86%
Willis Reed71971
77%
John Starks11994
66%
Amar'e Stoudemire12011
57%
Bernard King21985
57%
Kristaps Porzingis12018
57%
Allan Houston22001
51%
Earl Monroe21977
50%
Dave DeBusschere51974
46%
Charles Oakley11994
45%
Tyson Chandler12013
45%
Latrell Sprewell12001
39%
Mark Jackson11989
30%
Bill Bradley11973
29%
David Lee12010
29%
Richie Guerin51962
27%
Michael Ray Richardson31982
21%
Bill Cartwright11980
18%
Bob McAdoo11978
17%
Dick Barnett11968
17%
Carl Braun51957
14%
Harry Gallatin71957
13%
Johnny Green31965
12%
Dick McGuire51956
11%
Nat Clifton11957
8%
Willie Naulls41962
8%
Kenny Sears21959
7%
Max Zaslofsky11952
7%
Vince Boryla11951
6%
Tom Gola21964
4%
Len Chappell11964
3%

Score Distribution

Percentile by Number Answered

Percent of People with Each Score

Your Score History

You have not taken this quiz since the last reset